| 000 | 01677cam a22004214i 4500 | ||
|---|---|---|---|
| 003 | PE-LiUPU | ||
| 005 | 20250731183410.0 | ||
| 008 | 180117s2013 ck r 000 0 spa d | ||
| 020 | _a9789588695440 | ||
| 035 | _a(Sirsi) a241053 | ||
| 082 | 0 | 4 |
_a796.3342 _bS21 _223 |
| 100 | 1 |
_aSanabria Argüello, Yofre Danilo, _eautor. |
|
| 245 |
_aFútbol sala : _bla velocidad de desplazamiento con planificación ATR / _cYofre Danilo Sanabria Argüello. |
||
| 250 | _aPrimera edición. | ||
| 264 | 1 |
_aArmenia, Colombia : _bEditorial Kinesis, _c2013. |
|
| 300 |
_a119 páginas : _bilustraciones ; _c24 centímetros. |
||
| 336 |
_atext _2rdacontent |
||
| 337 |
_aunmediated _2rdamedia |
||
| 338 |
_avolume _2rdacarrier |
||
| 504 | _aBibliografía: páginas 117-119. | ||
| 505 | 0 | _aPlanificación -- Características del fútbol sala -- Necesidades y elementos de control para un programa de velocidad -- Propuesta de planificación -- Una investigación que fundamenta la propuesta. | |
| 526 | _aP158 | ||
| 526 | _aP146 | ||
| 526 | _aP17 | ||
| 526 | _aP12 | ||
| 526 | _aP06 | ||
| 541 | _g001-003491; | ||
| 650 | 0 | 4 | _aFútbol. |
| 650 | 0 | 4 | _aFútbol de salón. |
| 650 | 0 | 4 |
_aFútbol _xEstrategias y tácticas. |
| 650 | 0 | 4 | _aEntrenamiento de fútbol. |
| 650 | 0 | 4 | _aFutsal training |
| 650 | 0 | 4 | _afutsal. |
| 910 |
_adbm _bebj _cebj _d20180117 |
||
| 596 | _a1 | ||
| 942 |
_2ddc _cBOOK |
||
| 999 |
_a796.3342 S21 _wDEWEY _c26697 _i78219 _f2021-11-9 _g4 _lCCODEBUL1 _mBUL _p22.42 _r0 _sY _tBOOK _u2018-1-17 _xEDUCACION _PP12 _0COMPRA _o.STAFF. Colección Ciencias Humanas y Educación _d26697 |
||
| 980 |
_81 _gALBERTO SANCHEZ Responsable de Automatización |
||